Najwięcej bramek w Bayernie Monachium - Statystyki

Ogólne statystyki
  • Ten quiz został rozwiązany 575 razy
    134 od ostatniego zresetowania
  • Średni wynik to 4 z 10
Statystyki odpowiedzi
Bramki Zawodnik % Poprawnych
344 Robert Lewandowski
100%
565 Gerd Müller
96%
245 Thomas Müller
96%
144 Arjen Robben
62%
217 Karl-Heinz Rummenigge
19%
139 Giovane Élber
18%
145 Dieter Hoeneß
8%
132 Dieter Brenninger
1%
215 Rainer Ohlhauser
1%
155 Roland Wohlfarth
1%
Nie znaleziono quizów pasujących do podanych kryteriów
Rozkład punktacji
Procent ludzi z każdym wynikiem
Percentyl według liczby udzielonych odpowiedzi
Twoja historia wyników
Nie rozwiązałeś tego quizu od ostatniego zresetowania